Inconfesable Esfinge : Poesía /
Guardado en:
| 主要作者: | |
|---|---|
| 格式: | 未知 |
| 語言: | Spanish |
| 出版: |
San José, Costa Rica :
Editorial Círculo de Escritores Costarricenses,
[fecha de publicación no identificada].
|
| 主題: | |
| 標簽: |
添加標簽
沒有標簽, 成為第一個標記此記錄!
|
MARC
| LEADER | 000000000a22000000004500 | ||
|---|---|---|---|
| 001 | 003208 | ||
| 041 | 0 | |a spa | |
| 082 | 0 | 4 | |a CR861.44 |b L864i |
| 100 | 1 | |a López, Doris | |
| 245 | 1 | 0 | |a Inconfesable Esfinge : |b Poesía / |c Doris López. |
| 260 | 1 | |a San José, Costa Rica : |b Editorial Círculo de Escritores Costarricenses, |c [fecha de publicación no identificada]. | |
| 300 | |a 39 páginas | ||
| 650 | 4 | |a LITERATURA COSTARRICENSE | |
| 650 | 4 | |a POESIA | |
| 999 | |c 9491 |d 9491 | ||
| 942 | |c BK |h CR861.44 L864i |2 z | ||
